| 000 | nam a22 7a 4500 | ||
|---|---|---|---|
| 999 |
_c4782 _d235286 |
||
| 080 | _a343.359 C 588 | ||
| 100 |
_4aut _aComparato, Carlos Fernando |
||
| 245 | _aDelitos contra los recursos de seguridad Social en la ley 24769 | ||
| 300 | _a73 P. | ||
| 500 | _aDirector de tesis: Donna, edgardo Alberto | ||
| 502 | _aTesis (Especialización en Derecho penal)--Universidad Nacional de Mar del Plata. Facultad de Derecho. Departamento de Posgrado, (S/ F). | ||
| 504 | _aTiene bibliografía: P. 71 a 73. | ||
| 650 |
_2IEDCYT _aderecho penal _aderecho procesal penal _aley 24769 _aley penal tributaria _xseguridad social |
||
| 945 |
_acd _d2018-06-29 |
||